LEADER 00811nam0-22002891i-450- 001 990004040200403321 005 20050913122443.0 010 $a88-215-3049-3 035 $a000404020 035 $aFED01000404020 035 $a(Aleph)000404020FED01 035 $a000404020 100 $a19990604d1995----km-y0itay50------ba 101 0 $aita 105 $ay---z---00-y- 200 1 $a<>modernismo italiano$evoci e volti$fLorenzo Bedeschi 210 $aCinisello Balsamo (Milano)$cSan Paolo$dc1995 215 $a260 p.$d23 cm 676 $a273.9$v21$zita 700 1$aBedeschi,$bLorenzo$0154316 801 0$aIT$bUNINA$gRICA$2UNIMARC 901 $aBK 912 $a990004040200403321 952 $a273.9 BED 1$bBibl. 25414$fFLFBC 959 $aFLFBC 996 $aModernismo italiano$9471250 997 $aUNINA LEADER 01254nam0-22003971i-450- 001 990003988780403321 005 20091202111500.0 010 $a3-540-67568-X 035 $a000398878 035 $aFED01000398878 035 $a(Aleph)000398878FED01 035 $a000398878 100 $a20031219d2002----km-y0itay50------ba 101 0 $aeng 102 $aDE 105 $aa---a---001yy 200 1 $aMicrobiology of composting$eHeribert Insam, Nuntavun Riddech, Susanne Klammer (Eds.) 210 $aBerlin$cSpringer$dc2002 215 $axii, 632 p.$cill.$d24 cm 300 $awith 230 figures and 126 tables 610 0 $aAgricoltura$atecnologie connesse 610 0 $aAgricoltura$aapparecchi, attrezzature, materiali 610 0 $aConcimi, ammendamenti, regolatori di accrescimento 610 0 $aMicrobiologia sanitaria$acompost 610 0 $aRifiuti domestici trasformati 676 $a631.875 700 1$aInsam,$bHeribert$0150643 701 1$aKlammer,$bSusanne$f<1973- >$0150644 701 1$aRiddech,$bNuntavun$0150645 801 0$aIT$bUNINA$gRICA$2UNIMARC 901 $aBK 912 $a990003988780403321 952 $a631.875-INS-1$b3184$fSC1 959 $aSC1 996 $aMicrobiology of composting$9474716 997 $aUNINA